00397nam a22001097a 4500082001200000100001800012245012300030260003600153300002700189650004400216700002700260 a620.005 aRashid, Saima aRole of Tablet PC to Facilitate Successful Implementation of HMIS Healthcare Organization of Pakistan /cSaima Rashid. aIslamabad:bCEME - NUST,c2013. a94 p. :bill. ;c30cm. aEngineering Management MS-Ph. D-Thesis, aDr. Akhtar Nawaz Malik